书目信息 |
| 题名: |
日语能力测试过级辅导丛书
|
|
| 作者: | 宫伟 主编 ;吴桐 册主编 | |
| 分册: | 一级读解 | |
| 出版信息: | 大连 大连理工大学出版社 2006 |
|
| 页数: | 178页 | |
| 开本: | 26cm | |
| 丛书名: | ||
| 单 册: | ||
| 中图分类: | H369.4 , H360.42 | |
| 科图分类: | ||
| 主题词: | 日语--阅读教学--水平考试--自学参考资料 , 日语 , 日语--水平考试--自学参考资料 , 阅读教学 | |
| 电子资源: | ||
| ISBN: | 7-5611-3180-1 | |
| 000 | 00924nam0 2200277 450 | |
| 001 | 003218370 | |
| 005 | 20070805190229.73 | |
| 010 | @a7-5611-3180-1@dCNY18.00 | |
| 100 | @a20060104d2006 em y0chiy0110 ea | |
| 101 | 0 | @achi@ajpn |
| 102 | @aCN@b210000 | |
| 105 | @ay z 000yy | |
| 200 | 1 | @a日语能力测试过级辅导丛书@9ri yu neng li ce shi guo ji fu dao cong shu@i一级读解@f宫伟主编@g吴桐册主编 |
| 210 | @a大连@c大连理工大学出版社@d2006 | |
| 215 | @a178页@d26cm | |
| 330 | @a本书阅读训练分为基础篇与综合篇。其中基础篇10回,就10种类型题进行了题型分析;综合篇是15回模拟训练。 | |
| 606 | 0 | @a日语@x阅读教学@x水平考试@j自学参考资料 |
| 606 | 0 | @a日语 |
| 606 | 0 | @a日语@x水平考试@j自学参考资料 |
| 606 | 0 | @a阅读教学 |
| 690 | @aH369.4@v4 | |
| 690 | @aH360.42@v4 | |
| 701 | 0 | @a宫伟@9gong wei@f(1970~)@4主编 |
| 702 | 0 | @a吴桐@9wu tong@c(日语)@4册主编 |
| 801 | 0 | @aCN@bNLC@c20070805 |
| 905 | @a10447@dH360.42@e424:1 | |
| 日语能力测试过级辅导丛书.一级读解/宫伟主编/吴桐册主编.-大连:大连理工大学出版社,2006 |
| 178页;26cm |
| ISBN 7-5611-3180-1:CNY18.00 |
| 本书阅读训练分为基础篇与综合篇。其中基础篇10回,就10种类型题进行了题型分析;综合篇是15回模拟训练。 |
| ● |
| 相关链接 |
|
|
|
|
正题名:日语能力测试过级辅导丛书
索取号:H360.42/424:1
 
预约/预借
| 序号 | 登录号 | 条形码 | 馆藏地/架位号 | 状态 | 备注 |
| 1 | 0802538 | 208025386 | 第二样本阅览室/ [索取号:H360.42/424:1] | 在馆 | |
| 2 | 0802539 | 208025395 | 第四借阅区/ [索取号:H360.42/424:1] | 在馆 | |
| 3 | 0802540 | 208025402 | 第四借阅区/ [索取号:H360.42/424:1] | 在馆 | |
| 4 | 0802541 | 208025411 | 第四借阅区/ [索取号:H360.42/424:1] | 在馆 | |
| 5 | 0802542 | 208025420 | 第四借阅区/ [索取号:H360.42/424:1] | 在馆 | |
| 6 | 0802543 | 208025439 | 第四借阅区/ [索取号:H360.42/424:1] | 在馆 | |
| 7 | 0802544 | 208025448 | 第四借阅区/ [索取号:H360.42/424:1] | 在馆 | |
| 8 | 0802545 | 208025457 | 第四借阅区/ [索取号:H360.42/424:1] | 在馆 | |
| 9 | 0802546 | 208025466 | 第四借阅区/ [索取号:H360.42/424:1] | 在馆 | |
| 10 | 0802547 | 208025475 | 第四借阅区/ [索取号:H360.42/424:1] | 在馆 |